[Event "AUTO-ELITE-672"]
[Site "http://www.queenalice.com/game.php?id=866535"]
[Date "2010.12.2"]
[Round "1"]
[White "amarkin"]
[Black "Heike67"]
[Result "1/2-1/2"]
[WhiteElo "2456"]
[BlackElo "2395"]

1. d4 Nc6 2. d5 Ne5 3. Nc3 d6 4. e4 c6 5. Be2 Nf6 6. f4 Ned7 7. Qd4 Qb6 8. Nf3
cxd5 9. Nxd5 Nxd5 10. exd5 Qxd4 11. Nxd4 Nf6 12. c4 Bd7 13. Bf3 g6 14. b3 Bg7
15. Bb2 Bg4 16. O-O Bxf3 17. Nxf3 O-O 18. Rfe1 b5 19. Rac1 bxc4 20. Bxf6 Bxf6
21. Rxc4 Rfc8 22. Rec1 Rxc4 23. Rxc4 Rb8 24. Ra4 Rb5 25. Rxa7 Rxd5 26. g4 h6 27.
Kf2 Rc5 28. h4 Rc2+ 29. Kg3 Kf8 30. Ra8+ Kg7 31. Ra7 h5 32. g5 Bc3 33. Rxe7 Rxa2
34. Rb7 Re2 35. b4 Re4 36. b5 Bb4 37. Rc7 Bc5 38. Ne5 Re3+ 1/2-1/2

[Event "AUTO-ELITE-672"]
[Site "http://www.queenalice.com/game.php?id=866536"]
[Date "2010.12.2"]
[Round "1"]
[White "Heike67"]
[Black "Donidon"]
[Result "1-0"]
[WhiteElo "2401"]
[BlackElo "2131"]

1. e4 c5 2. Nf3 d6 3. d4 cxd4 4. Nxd4 Nf6 5. Nc3 a6 6. f3 g6 7. Be3 Bg7 8. Qd2
O-O 9. h4 Nc6 10. g4 h5 11. g5 Nd7 12. O-O-O Bxd4 13. Bxd4 Nxd4 14. Qxd4 b5 15.
f4 Bb7 16. Rh2 Qa5 17. Bh3 Rfd8 18. f5 Ne5 19. fxg6 fxg6 20. Rf2 Kg7 21. Be6 Rf8
22. Rdf1 1-0

[Event "AUTO-ELITE-672"]
[Site "http://www.queenalice.com/game.php?id=866537"]
[Date "2010.12.2"]
[Round "1"]
[White "Donidon"]
[Black "Heike67"]
[Result "0-1"]
[WhiteElo "2135"]
[BlackElo "2398"]

1. e4 c6 2. d4 d5 3. Nc3 dxe4 4. Nxe4 Bf5 5. Ng3 Bg6 6. Nf3 Nd7 7. h4 h6 8. h5
Bh7 9. Bd3 Bxd3 10. Qxd3 e6 11. Bd2 Ngf6 12. O-O-O Qc7 13. Kb1 Bd6 14. Ne4 Nxe4
15. Qxe4 O-O-O 16. c4 Nf6 17. Qe2 c5 18. Bc3 cxd4 19. Nxd4 a6 20. Nf3 Qc5 21.
Bd4 Qf5+ 22. Ka1 Bc7 23. c5 e5 0-1

[Event "QA-ANNIV-05"]
[Site "http://www.queenalice.com/game.php?id=885925"]
[Date "2011.1.13"]
[Round "7"]
[White "Heike67"]
[Black "puddschini"]
[Result "1/2-1/2"]
[WhiteElo "2385"]
[BlackElo "2518"]

1. e4 e6 2. d4 d5 3. Nd2 Nf6 4. e5 Nfd7 5. c3 c5 6. Bd3 Nc6 7. Ne2 Qb6 8. Nf3
cxd4 9. cxd4 f6 10. exf6 Nxf6 11. O-O Bd6 12. Bf4 Bxf4 13. Nxf4 Qxb2 14. Ng5 O-O
15. Nfxe6 Bxe6 16. Nxe6 Rf7 17. f4 Re8 18. Rf2 Qa3 19. f5 Rfe7 20. Rf1 a6 21.
Qd2 Nb4 22. Rf3 Nxd3 23. Rxd3 Qd6 24. Rf1 1/2-1/2

[Event "Let's Play Chess!"]
[Site "http://www.queenalice.com/game.php?id=886641"]
[Date "2011.1.15"]
[Round "-"]
[White "Heike67"]
[Black "MisterTibs"]
[Result "1-0"]
[WhiteElo "2398"]
[BlackElo "2271"]

1. e4 e6 2. d4 d5 3. exd5 exd5 4. Bd3 Nf6 5. Nf3 Be7 6. h3 O-O 7. Nc3 Nbd7 8.
O-O c6 9. Bf4 Re8 10. Re1 Nf8 11. Qd2 Ne6 12. Be5 Nd7 13. Bg3 a6 14. Re2 Nf6 15.
Rae1 h6 16. Be5 Nh7 17. Na4 Bf6 18. Bxf6 Nxf6 19. Qb4 Nh5 20. Nb6 Rb8 21. g3 Nf6
22. Kg2 Qc7 23. c4 Nd7 24. Nxc8 Rbxc8 25. c5 a5 26. Qb3 Re7 27. Qc2 Rce8 28.
Bh7+ Kf8 29. Bf5 Qc8 30. Qd2 Qc7 31. Re3 b6 32. cxb6 Qxb6 33. Rb3 Qc7 34. Ra3 a4
35. Bxe6 Rxe6 36. Rxe6 Rxe6 37. Rxa4 Re8 38. Qc3 Kg8 39. Ra6 Nb8 40. Ra8 Qb7 41.
Qa3 Qc7 42. Qb4 f6 43. a4 Kf7 44. Nh4 g6 45. a5 Rc8 46. a6 Nd7 47. Rxc8 Qxc8 48.
a7 Qa8 49. Qa5 g5 50. Nf5 h5 51. Qc7 1-0

[Event "Let's Play Chess!"]
[Site "http://www.queenalice.com/game.php?id=886642"]
[Date "2011.1.16"]
[Round "-"]
[White "Pater"]
[Black "Heike67"]
[Result "1/2-1/2"]
[WhiteElo "2316"]
[BlackElo "2410"]

1. d4 d5 2. c4 c6 3. Nf3 Nf6 4. Nc3 dxc4 5. a4 Bf5 6. Ne5 Na6 7. e3 Nb4 8. Bxc4
e6 9. O-O Bc2 10. Qe2 Nd7 11. Nxd7 Qxd7 12. a5 Be7 13. Na2 Nxa2 14. Qxc2 Nxc1
15. Rfxc1 a6 16. Bd3 Rd8 17. g3 Qc7 18. Be4 h5 19. Qe2 g5 20. Ra4 h4 21. Bg2 Qd7
22. Qd3 g4 23. Rac4 Kf8 24. Qd1 f5 25. Qb3 Kg7 26. e4 Bg5 27. Rd1 Kg6 28. Qc2 h3
29. exf5+ exf5 30. Bf1 Qd5 31. Rc5 Qe4 32. Qxe4 fxe4 33. Be2 1/2-1/2

[Event "Let's Play Chess!"]
[Site "http://www.queenalice.com/game.php?id=886643"]
[Date "2011.1.16"]
[Round "-"]
[White "Heike67"]
[Black "Pater"]
[Result "1-0"]
[WhiteElo "2408"]
[BlackElo "2319"]

1. c4 e6 2. Nc3 Nf6 3. g3 g6 4. Nf3 Bg7 5. Bg2 O-O 6. O-O e5 7. d3 Nc6 8. a3 d6
9. Bg5 Re8 10. e3 h6 11. Bxf6 Bxf6 12. Qb3 Bg7 13. Nd2 Ne7 14. Nde4 f5 15. Nd2
c6 16. Rfd1 Qc7 17. Rac1 Be6 18. Re1 Qd7 19. Qc2 Rac8 20. b4 d5 21. Nb3 b6 22.
c5 f4 23. exf4 exf4 24. cxb6 axb6 25. Na4 fxg3 26. hxg3 Rb8 27. Nbc5 bxc5 28.
Nxc5 Qa7 29. Nxe6 Qxa3 30. Nxg7 Kxg7 31. Re6 Rb7 32. Rb1 Rxb4 33. Rxb4 Qxb4 34.
Qe2 1-0

[Event "Let's Play Chess!"]
[Site "http://www.queenalice.com/game.php?id=886644"]
[Date "2011.1.15"]
[Round "-"]
[White "MisterTibs"]
[Black "Heike67"]
[Result "0-1"]
[WhiteElo "2305"]
[BlackElo "2389"]

1. d4 d5 2. e3 Nf6 3. Nf3 g6 4. Nbd2 Bg7 5. c4 O-O 6. cxd5 Nxd5 7. Bc4 Nc6 8.
O-O Nb6 9. Bd3 e5 10. Bb5 exd4 11. Bxc6 dxe3 12. fxe3 bxc6 13. e4 Ba6 14. Re1
Re8 15. Qc2 Bd4+ 16. Nxd4 Qxd4+ 17. Kh1 Qf2 18. Rg1 Re6 19. b3 Nd5 20. Ba3 Nf6
21. Qc1 Rd8 22. Rd1 Be2 23. Re1 Re5 24. Nf1 Nxe4 25. Qe3 Bxf1 26. Qxf2 Nxf2+ 27.
Kg1 Rxe1 28. Rxe1 Bxg2 29. Kxf2 Bh3 30. Re7 Rd2+ 31. Re2 Rxe2+ 32. Kxe2 f5 33.
Bc5 a6 34. Kf3 Kf7 35. Kg3 Bf1 36. Kf4 Ke6 37. b4 Kd5 38. a3 Bd3 0-1

[Event "Let's Play Chess!"]
[Site "http://www.queenalice.com/game.php?id=886645"]
[Date "2011.1.16"]
[Round "-"]
[White "WakanTanka"]
[Black "Heike67"]
[Result "1-0"]
[WhiteElo "2370"]
[BlackElo "2398"]

1. e4 c6 2. d4 d5 3. e5 Bf5 4. Bd3 Bxd3 5. Qxd3 c5 6. Qb5+ Nd7 7. Qxb7 e6 8. c3
Rb8 9. Qa6 Qc8 10. Qxc8+ Rxc8 11. Be3 cxd4 12. cxd4 f6 13. exf6 Ngxf6 14. Ne2
Rc2 15. Bc1 Rc5 16. dxc5 1-0

[Event "WCC  2011 - QA"]
[Site "http://www.queenalice.com/game.php?id=887772"]
[Date "2011.1.18"]
[Round "1"]
[White "LUKK22"]
[Black "Heike67"]
[Result "0-1"]
[WhiteElo "2314"]
[BlackElo "2404"]

1. g4 d5 2. Bg2 Nc6 3. c4 d4 4. g5 d3 5. e3 h6 6. Qa4 hxg5 7. Bxc6+ bxc6 8.
Qxc6+ Bd7 9. Qg2 Rh6 10. Qxg5 Nf6 11. f3 a5 12. e4 Bc6 13. Nc3 e6 14. b3 a4 15.
Rb1 Rb8 16. Kf1 a3 17. Qe3 Rh5 18. Nd5 Rh4 19. h3 Nh5 20. Rh2 Bd7 21. Nc3 Nf4
22. c5 e5 23. Bxa3 c6 24. Na4 Qg5 25. Qf2 Be7 26. Bb2 Be6 27. Ke1 Rh5 28. Kd1
Qh6 29. Kc1 Bh4 30. Qf1 Kf8 31. Bc3 Kg8 32. Ba5 Qf6 33. Bc7 Rb7 34. Bb6 Qe7 35.
Nc3 Rg5 36. Kb2 Qd7 37. Ra1 Qd4 38. Rd1 Rb8 39. Ra1 Rg6 0-1

[Event "WCC  2011 - QA"]
[Site "http://www.queenalice.com/game.php?id=908649"]
[Date "2011.3.5"]
[Round "2"]
[White "Heike67"]
[Black "Cueball600"]
[Result "1-0"]
[WhiteElo "2406"]
[BlackElo "2304"]

1. d4 d5 2. Nf3 Nf6 3. c4 dxc4 4. e3 Nc6 5. Bxc4 Na5 6. Qa4+ c6 7. Bd3 b5 8. Qc2
e6 9. O-O Be7 10. Nbd2 Ba6 11. Nb3 O-O 12. Nc5 Bxc5 13. dxc5 Re8 14. Rd1 Qc7 15.
a4 e5 16. e4 Rad8 17. Bd2 Nc4 18. Bb4 Bb7 19. b3 a5 20. Be1 Nd7 21. bxc4 b4 22.
Bf1 Nxc5 23. Bd2 Ba6 24. h4 Ne6 25. Qb2 Nc5 26. Qc2 Ne6 27. Be3 Rxd1 28. Qxd1 c5
29. Nd2 Bb7 30. h5 Rd8 31. Qg4 Re8 32. h6 g6 33. Nb3 Bc8 34. Qh4 Bb7 35. Rd1 f5
36. exf5 Nd4 37. Bxd4 cxd4 38. fxg6 hxg6 39. Qg3 Qf7 40. Nxa5 Be4 41. Re1 Qf5
42. Rxe4 Qxe4 43. Bd3 Qe1+ 44. Kh2 Re6 45. Bxg6 Qxf2 46. Bh7+ Kf7 47. Qxf2+ Rf6
48. Qh4 1-0

[Event "AUTO-ELITE-727"]
[Site "http://www.queenalice.com/game.php?id=909064"]
[Date "2011.3.5"]
[Round "1"]
[White "Heike67"]
[Black "WindTurbine"]
[Result "1/2-1/2"]
[WhiteElo "2412"]
[BlackElo "2526"]

1. d4 d5 2. g3 c5 3. Bg2 cxd4 4. Nf3 Nf6 5. O-O h6 6. Bf4 a6 7. Bxb8 Rxb8 8.
Qxd4 Qc7 9. Nc3 e6 10. e4 Bc5 11. Qd3 O-O 12. exd5 Rd8 13. Nd4 exd5 14. Rfe1 Bg4
15. Nb3 Bb4 16. a3 Bxc3 17. Qxc3 Qxc3 18. bxc3 Rbc8 19. Re3 Rc7 20. Nd4 Rdc8 21.
Rb1 b5 22. Rb3 Bd7 23. h4 g6 24. Kf1 Rc5 25. Ke2 Kg7 26. Kd2 Re8 27. Rxe8 Nxe8
28. Rb1 Nd6 29. Nb3 Nc4+ 30. Kc1 Rc7 31. Bxd5 Nb6 32. Be4 Na4 33. Bd3 Rxc3 34.
Ra1 Rc6 35. Kd2 Rd6 36. Ke3 Be6 37. Nd4 Bd5 38. Re1 Rd8 39. Kd2 Kf6 40. Re3 Ba8
41. c3 Rc8 42. Bc2 Nb6 43. Bb3 Bd5 44. Bxd5 Nxd5 45. Rf3+ Kg7 46. Kc2 Nf6 47.
Nb3 Ng4 48. Rf4 h5 49. Nd2 Re8 50. Re4 Rxe4 51. Nxe4 f5 52. Nc5 Nxf2 53. Kd2 Nh1
54. Nxa6 Nxg3 55. Nc7 g5 56. Ke3 gxh4 57. Kf3 Ne4 58. Nxb5 h3 59. Nd4 Kf6 60.
Ne2 Kg5 61. Nd4 Kf6 62. Ne2 Kg5 63. Nd4 Nd2+ 64. Kg3 f4+ 65. Kxh3 f3 66. Nxf3+
Nxf3 67. a4 Ng1+ 68. Kg2 Ne2 69. a5 Nxc3 70. a6 Nb5 71. Kh1 h4 72. Kg2 Kg4 73.
Kh2 Na7 74. Kg2 Nc6 75. Kh2 Na7 76. Kg2 h3+ 77. Kh1 Kh4 78. Kh2 Nc6 79. Kg1 Kg4
1/2-1/2

[Event "AUTO-ELITE-727"]
[Site "http://www.queenalice.com/game.php?id=909065"]
[Date "2011.3.5"]
[Round "1"]
[White "WindTurbine"]
[Black "Heike67"]
[Result "1-0"]
[WhiteElo "2433"]
[BlackElo "2414"]

1. Nf3 d5 2. c4 c6 3. e3 e6 4. Nc3 Nf6 5. d4 Be7 6. Bd3 dxc4 7. Bxc4 O-O 8. O-O
c5 9. dxc5 Bxc5 10. Qc2 Nc6 11. Rd1 Bd7 12. b3 Nb4 13. Qb1 Qb6 14. Ne4 Nxe4 15.
Qxe4 Bc6 16. Qh4 Bxf3 17. gxf3 Rfd8 18. Bb2 Bf8 19. Kh1 Nd5 20. Qg5 h6 21. Qe5
Qd6 22. Qxd6 Rxd6 23. Bxd5 exd5 24. Be5 Rd7 25. Rac1 f6 26. Bb2 Kf7 27. Kg2 Ke6
28. h4 a5 29. a4 Rb8 30. f4 Rbd8 31. h5 Rd6 32. Rc7 R6d7 33. Rdc1 Bd6 34. R7c2
Rb8 35. Bd4 Re7 36. Kf3 Ba3 37. Rc8 Rxc8 38. Rxc8 Kd7 39. Rb8 Kc7 40. Ra8 Bb4
41. Kg4 Kc6 42. Kf5 Be1 43. Rc8+ Kd7 44. Rc2 Bb4 45. Kg6 Bd6 46. Bb6 1-0

[Event "AUTO-ELITE-727"]
[Site "http://www.queenalice.com/game.php?id=909066"]
[Date "2011.3.5"]
[Round "1"]
[White "Heike67"]
[Black "Conde7"]
[Result "1/2-1/2"]
[WhiteElo "2403"]
[BlackElo "2628"]

1. d4 c6 2. c4 d5 3. Nf3 Nf6 4. Nc3 e6 5. e3 Nbd7 6. Qc2 Bd6 7. Bd3 O-O 8. O-O
dxc4 9. Bxc4 a6 10. Bd2 c5 11. Be2 Qc7 12. Rac1 cxd4 13. exd4 b5 14. Qd3 Qb6 15.
Ng5 Bb7 16. Nge4 Rac8 17. Be3 Nxe4 18. Nxe4 f5 19. Nxd6 Qxd6 20. Bd2 Nb8 21. Qg3
Qxg3 22. hxg3 Rfd8 23. Rxc8 Rxc8 24. Re1 Bd5 25. a3 Nc6 26. Rc1 Rd8 27. Be3 Be4
28. f3 Bd5 29. Rc5 h6 30. Kf2 Kf7 31. Bf1 Ke7 32. a4 bxa4 33. Bxa6 Ra8 34. Bb5
Kd7 35. Bf4 a3 36. bxa3 Rxa3 37. Rc2 g5 38. Be5 h5 39. Bf6 g4 40. f4 Rb3 41.
Bxc6+ Bxc6 42. Be5 Be4 43. Ra2 h4 44. gxh4 g3+ 45. Ke1 Rb1+ 46. Ke2 Bxg2 47. d5
Bxd5 48. Ra1 Rb3 49. h5 g2 50. h6 Rh3 51. Bg7 Ke8 52. Rg1 Kf7 53. Kf2 Rh4 54.
Ke3 Rh1 55. Kf2 Kg6 56. Rxg2+ Bxg2 57. Kxg2 Rd1 58. Kf3 Rd3+ 59. Ke2 Rb3 60. Bf8
Kh7 61. Bg7 Rh3 62. Kf2 Rd3 63. Ke2 Rg3 64. Kf2 Ra3 65. Ke2 Rb3 66. Bf8 Rh3 67.
Bg7 Kg8 68. Kd2 Rf3 69. Be5 Rb3 70. Bg7 Rb4 71. Ke3 Rc4 72. Bd4 Rc2 73. Kd3 Ra2
74. Bf6 Rh2 75. Bg7 Rh4 76. Ke3 Kh7 77. Bf8 Rh1 78. Bg7 Rf1 79. Bf8 Re1+ 80. Kf3
Rc1 81. Bg7 Rf1+ 82. Ke3 Rd1 83. Ke2 Rd8 84. Kf3 Ra8 85. Ke3 Ra4 86. Bf8 Ra5 87.
Bg7 Ra2 88. Kd3 Ra4 89. Ke3 Re4+ 90. Kf3 Rb4 91. Ke3 Kg6 92. Bf8 Re4+ 93. Kf3 e5
94. fxe5 Rxe5 95. Kf4 Re4+ 96. Kf3 Rg4 97. Bg7 Rc4 98. Kg2 Kh7 99. Kf2 Rb4 100.
Kf3 Rg4 101. Bf8 Rg8 102. Bg7 Kg6 103. Kf4 Rb8 104. Bc3 Rb5 105. Bg7 Rb4+ 106.
Kf3 Ra4 107. Ke3 Kh7 108. Kf3 Ra3+ 109. Kf4 Kg6 110. Bf8 Rd3 111. Bg7 Rh3 112.
Bf8 Rc3 113. Bg7 Rc4+ 114. Kg3 Ra4 115. Kf3 Kh7 1/2-1/2

[Event "AUTO-ELITE-727"]
[Site "http://www.queenalice.com/game.php?id=909067"]
[Date "2011.3.5"]
[Round "1"]
[White "Conde7"]
[Black "Heike67"]
[Result "1-0"]
[WhiteElo "2647"]
[BlackElo "2408"]

1. a3 e5 2. c4 Nc6 3. Nc3 Nf6 4. e3 g6 5. Nf3 Bg7 6. Be2 O-O 7. Qc2 Re8 8. d3 d5
9. cxd5 Nxd5 10. O-O Nxc3 11. bxc3 Qe7 12. e4 Bg4 13. h3 Bd7 14. Bg5 Bf6 15.
Bxf6 Qxf6 16. Rfd1 Qf4 17. Rd2 Re7 18. Re1 Rae8 19. Bd1 Na5 20. Re3 c5 21. Be2
Bc6 22. Nh2 Rd7 23. Rd1 Qh4 24. c4 Rd6 25. Qc3 b6 26. Re1 Bd7 27. Bd1 h5 28. Nf3
Qe7 29. Nd2 Nc6 30. Nb1 Nd4 31. Qb2 h4 32. Nc3 Qg5 33. Nd5 Rb8 34. a4 Kg7 35.
Kh1 Be6 36. Qa3 Rc6 37. Qc3 a6 38. Rf1 Rcc8 39. f4 exf4 40. Nxf4 Qe5 41. Qd2 Qg5
42. Re2 Re8 43. Ref2 Kg8 44. Qc3 a5 45. Bg4 Bxg4 46. hxg4 Rb7 47. Nd5 Kg7 48.
Rf4 Rf8 49. Qb2 Re8 50. Qc1 Ne6 51. Qc3+ Nd4 52. Qb2 Rf8 53. Qf2 Ne6 54. Rf3 Nd4
55. Rh3 Rh8 56. Kg1 Nc6 57. Rf3 Rf8 58. Qb2+ Nd4 59. Rf4 Kh6 60. Kh2 Qe5 61. Kh1
Qg5 62. Nf6 Kg7 63. Qf2 Ne6 64. Rf3 Nd4 65. Rh3 Rh8 66. e5 Ra7 67. Re3 Rb7 68.
Nd5 Re8 69. Re4 Rxe5 70. Rf4 Ree7 71. Nxe7 Qxe7 72. Re1 Qg5 73. Re8 Re7 74. Rxe7
Qxe7 75. Re4 Qg5 76. Qe3 Qf6 77. g5 Qf1+ 78. Kh2 Nf5 79. Qf3 Qc1 80. Qf4 Qxf4+
81. Rxf4 1-0

[Event "WCC  2011 - QA"]
[Site "http://www.queenalice.com/game.php?id=928681"]
[Date "2011.4.21"]
[Round "3"]
[White "Heike67"]
[Black "lupengui"]
[Result "0-1"]
[WhiteElo "2414"]
[BlackElo "2601"]

1. e4 c5 2. Nf3 d6 3. d4 cxd4 4. Nxd4 Nf6 5. Nc3 a6 6. Be3 e5 7. Nb3 Be7 8. Be2
Be6 9. Nd5 Nxd5 10. exd5 Bf5 11. O-O O-O 12. Qd2 Nd7 13. c4 Bg6 14. Rac1 h6 15.
Rc3 a5 16. a4 Qc7 17. Rfc1 b6 18. f4 exf4 19. Bxf4 Bf6 20. Rg3 Rfe8 21. Rf1 Re7
22. Re3 Rxe3 23. Qxe3 Bxb2 24. Qe7 Ba3 25. Rf3 Rc8 26. Re3 Nf6 27. Qxc7 Rxc7 28.
h3 Bb4 29. Rf3 Bc2 30. Nd4 Bc5 31. Be3 Bxa4 32. Nf5 Kf8 33. Bxc5 dxc5 34. g4 Ra7
0-1

[Event "WCC  2011 - QA"]
[Site "http://www.queenalice.com/game.php?id=938342"]
[Date "2011.5.15"]
[Round "4"]
[White "kudabux"]
[Black "Heike67"]
[Result "0-1"]
[WhiteElo "2235"]
[BlackElo "2398"]

1. Nf3 Nf6 2. g3 g6 3. Bg2 Bg7 4. O-O O-O 5. d4 d6 6. c4 c6 7. Nc3 Nbd7 8. e4 e5
9. d5 Nc5 10. Re1 cxd5 11. cxd5 a5 12. a4 Qb6 13. Ra3 Bd7 14. Qc2 Rfc8 15. Qe2
Qb4 16. Nd2 b6 17. Na2 Qd4 18. Nb3 Nxb3 19. Be3 Qc4 20. Qxc4 Rxc4 21. Rxb3 Rxa4
22. Nc3 Rb4 23. Rxb4 axb4 24. Nb1 Ra1 25. Bxb6 Ba4 26. Rc1 Bb3 27. Be3 h5 28. f3
Ba2 0-1

[Event "QA-ANNIV-05"]
[Site "http://www.queenalice.com/game.php?id=953531"]
[Date "2011.6.24"]
[Round "9"]
[White "Heike67"]
[Black "Corinthiano_SP"]
[Result "1-0"]
[WhiteElo "2408"]
[BlackElo "2381"]

1. c4 e5 2. Nc3 c6 3. Nf3 d6 4. e4 Nf6 5. d4 Qc7 6. Be3 Be7 7. Be2 Nbd7 8. O-O
O-O 9. Qc2 exd4 10. Nxd4 g6 11. f4 Nc5 12. b4 Ne6 13. Nb3 Ng7 14. f5 d5 15. fxg6
fxg6 16. cxd5 cxd5 17. Nc5 dxe4 18. N3xe4 Bf5 19. Qc4+ Kh8 20. Bh6 Bxc5+ 21.
Qxc5 Qxc5+ 22. Nxc5 b6 23. Nb7 Ng4 24. Bg5 h6 25. Bd2 Kh7 26. Rae1 Rac8 27. Bd1
Be6 28. Rxf8 Rxf8 29. Rxe6 Nxe6 30. Bxg4 Nd4 31. Nd6 h5 32. Bd1 Rd8 33. Ne4 Nc6
34. Ng5+ 1-0

[Event "QA-ANNIV-06"]
[Site "http://www.queenalice.com/game.php?id=966999"]
[Date "2011.7.31"]
[Round "5"]
[White "Heike67"]
[Black "lrmaster"]
[Result "1-0"]
[WhiteElo "2415"]
[BlackElo "2157"]

1. e4 e5 2. Nf3 d6 3. d4 exd4 4. Nxd4 Nf6 5. Nc3 a6 6. Bc4 Be7 7. O-O h6 8. Qe2
O-O 9. Rd1 Bd7 10. a3 Nc6 11. h3 Nxd4 12. Rxd4 Bc6 13. e5 Nd7 14. Bf4 Nb6 15.
Bb3 Re8 16. Qg4 Bd7 17. Qh5 Be6 18. Bxe6 fxe6 19. Bxh6 gxh6 20. Qg6+ Kh8 21.
Qxh6+ Kg8 22. Rg4+ 1-0

[Event "sical"]
[Site "http://www.queenalice.com/game.php?id=974092"]
[Date "2011.8.18"]
[Round "1"]
[White "Heike67"]
[Black "Alsina"]
[Result "1/2-1/2"]
[WhiteElo "2412"]
[BlackElo "2445"]

1. d4 d5 2. c4 c6 3. e3 Bf5 4. cxd5 cxd5 5. Qb3 Qc7 6. Nc3 e6 7. Nf3 Be7 8. Bd2
Nc6 9. Rc1 Rc8 10. Bb5 Nf6 11. Nh4 Bg4 12. h3 Bh5 13. O-O O-O 14. g4 Bg6 15.
Nxg6 hxg6 16. Bd3 Na5 17. Qd1 Qd6 18. Qe2 Rfd8 19. f3 Qg3+ 20. Qg2 Qb8 21. Be1
Nc4 22. Qf2 a6 23. b3 Na5 24. Qb2 Nc6 25. Kg2 e5 26. Bf2 Bd6 27. a3 b5 28. b4
exd4 29. exd4 Bf4 30. Rc2 Re8 31. Re2 Qc7 32. Rfe1 1/2-1/2

[Event "QA-ANNIV-05"]
[Site "http://www.queenalice.com/game.php?id=983078"]
[Date "2011.9.9"]
[Round "10"]
[White "PowerGuido"]
[Black "Heike67"]
[Result "1-0"]
[WhiteElo "2520"]
[BlackElo "2418"]

1. d4 Nf6 2. c4 e5 3. dxe5 Ng4 4. Bf4 Nc6 5. Nf3 Bb4+ 6. Nbd2 Qe7 7. a3 Ngxe5 8.
Nxe5 Nxe5 9. e3 Bxd2+ 10. Qxd2 d6 11. Rc1 b6 12. c5 bxc5 13. b4 c6 14. bxc5 d5
15. Bb5 Bd7 16. Ba4 Ng6 17. Bd6 Qe4 18. Qd4 Qxg2 19. Ke2 Qh3 20. Rhg1 f6 21. Rb1
Rf8 22. e4 Kf7 23. Rg3 Qh5+ 24. Kf1 Rfe8 25. Rb7 Rxe4 26. Rxd7+ Ke6 27. Re3 Kxd7
28. Rxe4 dxe4 29. Bc7+ 1-0